000 01153namaa22003371i 4500
003 EG-GICUC
005 20260203134247.0
008 260203s2003 ua ||||jr|||| 000 0 ara d
017 _a2003 / 13978
_bدار الكتب والوثائق القومية(مصر)
020 _a2773580261
040 _aEG-GiCUC
_bara
_cEG-GiCUC
_dEG-GiCUC
_erda
082 0 4 _221
_a240
_bS1323
092 0 4 _221
_a240
_bS1323
099 _a240 S1323
100 1 _aالسعيد، محمد
_eمؤلف.
245 1 _aلا إله إلا الله :
_bعقيدة وشريعة /
_cمحمد السعيد
264 _aالقاهرة (مصر) :
_bالناشر غير محدد،
_c[2003]
300 _a؛ 336 صفحة
_c24 سم
336 _2rdacontent
_atext
337 _2rdamedia
_aUnmediated
338 _2rdacarrier
_avolume
490 _aنحو تأصيل الخطاب الدينى ؛
_v1
504 _a.
541 _aد. جابر عصفور ؛
_bالقاهرة ؛
_cإهداء ؛
_d2024.
650 1 7 _aالعقائد
_2qrmak
650 1 7 _aالتوحيد
_2qrmak
650 1 7 _aالألوهية
_2qrmak
651 1 _2qrmak
905 _aHuda
942 _2ddc
_cBK
_e21
_n0
999 _c178151
_d178151